[Event "Mindsports"]
[Site "Beijing CHN"]
[Date "2008.10.14"]
[EventDate "2008.10.14"]
[Round "2"]
[Result "0-1"]
[White "Martin Mrva"]
[Black "Jesse Kraai"]
[WhiteElo "2467"]
[BlackElo "2502"]
[PlyCount "98"]

1. Nf3 b6 2. g3 Bb7 3. Bg2 f5 4. O-O Nf6 5. d3 g6 6. Nbd2 Bg7
7. e4 O-O 8. Re1 e6 9. c3 Na6 10. e5 Nd5 11. d4 b5 12. a4 bxa4
13. Nc4 Nb6 14. Na5 Bd5 15. Bf1 Nb8 16. c4 Nc6 17. Nb7 Bxf3
18. Qxf3 Qc8 19. Nc5 Nxd4 20. Qd3 Nc6 21. f4 Rb8 22. Bg2 Rd8
23. Qc3 Bf8 24. Be3 a5 25. Bf2 Nb4 26. Re2 Na6 27. Nxa4 Bb4
28. Qc2 Nxa4 29. Rxa4 c6 30. Bf1 Qc7 31. Qc1 Bc5 32. Qe1 Rb4
33. Bxc5 Rxa4 34. Bd6 Qb6+ 35. Rf2 Rb4 36. Kg2 Rxb2 37. c5 Qb4
38. Qe3 Rb3 39. Qc1 Qe4+ 40. Kg1 Nb4 41. Re2 Qd4+ 42. Kg2 Nd3
43. Qd2 Rb2 44. Qxa5 Qe4+ 45. Kh3 Nxf4+ 46. Kh4 Nxe2+ 47. Kg5
Rbb8 48. Bxb8 Rxb8 49. Bxe2 Qxe2 0-1

[Event "Mindsports"]
[Site "Beijing CHN"]
[Date "2008.10.15"]
[EventDate "2008.10.14"]
[Round "4"]
[Result "1-0"]
[White "Jesse Kraai"]
[Black "Roberto Martin del Campo"]
[WhiteElo "2502"]
[BlackElo "2420"]
[PlyCount "73"]

1. Nf3 Nf6 2. c4 g6 3. Nc3 Bg7 4. e4 d6 5. d4 O-O 6. Be2 Bg4
7. Be3 Nfd7 8. Qb3 b6 9. Rd1 c5 10. d5 Na6 11. O-O Nc7 12. a4
Nb8 13. h3 Bd7 14. Bf4 Nba6 15. e5 Nb4 16. Rfe1 Bf5 17. Rd2 h6
18. Bf1 g5 19. Bg3 Ne8 20. Na2 Nxa2 21. Qxa2 Nc7 22. Qb3 Na6
23. Bd3 Bxd3 24. Qxd3 Nb4 25. Qe4 Qd7 26. b3 a6 27. h4 g4
28. Nh2 h5 29. f3 Bxe5 30. Bxe5 f5 31. Qf4 dxe5 32. Qg5+ Kh8
33. Qxh5+ Kg7 34. Rxe5 Rf6 35. fxg4 Nc6 36. Qg5+ Rg6 37. dxc6
1-0

[Event "Mindsports"]
[Site "Beijing CHN"]
[Date "2008.10.15"]
[EventDate "2008.10.14"]
[Round "5"]
[Result "1/2-1/2"]
[White "Jesse Kraai"]
[Black "Hedinn Steingrimsson"]
[WhiteElo "2502"]
[BlackElo "2540"]
[PlyCount "95"]

1. Nf3 d5 2. d4 Nf6 3. c4 c6 4. cxd5 cxd5 5. Nc3 Nc6 6. Bf4
Bf5 7. e3 e6 8. Be2 Be7 9. O-O O-O 10. Nh4 Be4 11. f3 Bg6
12. Nxg6 hxg6 13. Bg3 Rc8 14. Rc1 Re8 15. Na4 Bd6 16. Bxd6
Qxd6 17. f4 Ne7 18. Qb3 Rc7 19. Nc3 a6 20. Na4 Ne4 21. Bd3
Rec8 22. Rxc7 Rxc7 23. Bxe4 dxe4 24. Nc5 Qc6 25. a4 Nf5 26. a5
Nd6 27. Rc1 Qe8 28. Rc3 Nb5 29. Rc2 Nd6 30. h3 Qe7 31. Kh2 Rc6
32. Rc3 Nb5 33. Rc4 Qc7 34. Qa4 g5 35. g3 gxf4 36. gxf4 g5
37. Qd1 gxf4 38. Qg4+ Kf8 39. exf4 Qxa5 40. Qh4 Qd2+ 41. Kg1
Qd1+ 42. Kh2 Qe2+ 43. Kg1 Qd1+ 44. Kh2 Qe2+ 45. Kg1 Qd1+
46. Kh2 Qe2+ 47. Kg1 Qd1+ 48. Kh2 1/2-1/2

[Event "Mindsports"]
[Site "Beijing CHN"]
[Date "2008.10.16"]
[EventDate "2008.10.14"]
[Round "9"]
[Result "1-0"]
[White "Viestur Meijers"]
[Black "Jesse Kraai"]
[WhiteElo "2514"]
[BlackElo "2502"]
[PlyCount "87"]

1. d4 e6 2. e4 d5 3. exd5 exd5 4. Nf3 Nf6 5. c4 Bb4+ 6. Nc3
O-O 7. Bd3 dxc4 8. Bxc4 Bg4 9. O-O Nc6 10. Be3 Qd6 11. Be2
Rad8 12. Qb3 h6 13. Rfd1 Rfe8 14. Rac1 b6 15. Nb5 Qd7 16. Rxc6
Qxc6 17. Qxb4 Nd5 18. Qb3 Nxe3 19. fxe3 a6 20. Na3 Qe4 21. Kf2
Re7 22. Nc4 Be6 23. Qc3 Bd5 24. Nce5 Qf5 25. Bd3 Qe6 26. e4
Bb7 27. d5 Qd6 28. Rc1 Rde8 29. Nc6 Bxc6 30. Qxc6 Qf4 31. g3
Qg4 32. Kg2 Rd8 33. h3 Qd7 34. Qxd7 Rdxd7 35. Nd4 g6 36. Nc6
Re8 37. Nb4 Kg7 38. Nxa6 Ra8 39. a3 Kf6 40. Kf3 Ke5 41. Bb5
Re7 42. Nb4 Kd6 43. Rc6+ Ke5 44. Ke3 1-0

[Event "Mindsports"]
[Site "Beijing CHN"]
[Date "2008.10.17"]
[EventDate "2008.10.14"]
[Round "2.1"]
[Result "0-1"]
[White "Jesse Kraai"]
[Black "Elshan Moradiabadi"]
[WhiteElo "2502"]
[BlackElo "2499"]
[PlyCount "170"]

1. Nf3 Nf6 2. c4 c6 3. d4 d5 4. e3 Bg4 5. h3 Bxf3 6. Qxf3 e6
7. Nc3 Bb4 8. Bd3 Nbd7 9. O-O O-O 10. a3 Ba5 11. b4 Bc7
12. Bb2 Nb6 13. cxd5 cxd5 14. Rac1 Rc8 15. Nb1 a5 16. Bc3 axb4
17. Bxb4 Bd6 18. Ba5 Ra8 19. Bb4 Bxb4 20. axb4 Qd6 21. b5 Rfc8
22. Qe2 g6 23. Qb2 Nfd7 24. Rxc8+ Nxc8 25. Rc1 Ndb6 26. Qc3
Qd8 27. Nd2 Nd6 28. Qc7 Qxc7 29. Rxc7 Ra1+ 30. Nb1 Kf8 31. Kf1
Nbc4 32. Ke2 Ke8 33. Bxc4 Rxb1 34. Bd3 Rb2+ 35. Kf3 Kd8
36. Rc5 Rd2 37. Rc3 Kd7 38. g4 Rb2 39. Kf4 Rxf2+ 40. Kg5 Rf3
41. b6 Rxh3 42. Rc7+ Kd8 43. Bc2 h6+ 44. Kf4 Nc4 45. g5 hxg5+
46. Kxg5 Nxb6 47. Rxf7 Kc8 48. e4 Rc3 49. Rf2 Rc4 50. e5 Rxd4
51. Kf6 Kd7 52. Bxg6 Rc4 53. Rh2 Rc6 54. Rh7+ Kc8 55. Be8 Rc7
56. Rh8 Kb8 57. Kxe6 Rc8 58. Kf5 Nc4 59. Kf4 d4 60. Ke4 d3
61. Kxd3 Nxe5+ 62. Ke4 Nf7 63. Bxf7 Rxh8 64. Kd5 Kc7 65. Kc5
Rf8 66. Be6 Rf6 67. Bg4 Rg6 68. Bh3 Rg5+ 69. Kb4 b6 70. Be6
Re5 71. Bf7 Kb7 72. Bc4 Kc6 73. Bd3 Rg5 74. Be2 Rf5 75. Bd3
Rf4+ 76. Kc3 Kc5 77. Be2 b5 78. Bd1 Rh4 79. Kb3 Rh3+ 80. Kb2
Kc4 81. Be2+ Kb4 82. Bd1 Rh2+ 83. Kb1 Kc3 84. Bg4 b4 85. Be6
b3 0-1

[Event "Mindsports"]
[Site "Beijing CHN"]
[Date "2008.10.17"]
[EventDate "2008.10.14"]
[Round "2.2"]
[Result "0-1"]
[White "Elshan Moradiabadi"]
[Black "Jesse Kraai"]
[WhiteElo "2499"]
[BlackElo "2502"]
[PlyCount "106"]

1. d4 e6 2. Nf3 c5 3. c3 Nf6 4. Bg5 h6 5. Bh4 b6 6. e3 Bb7
7. Bd3 Be7 8. Nbd2 O-O 9. O-O Nc6 10. a3 d5 11. b4 Ne4
12. Bxe7 Nxe7 13. Qc2 Nxd2 14. Qxd2 Qc7 15. Rfc1 Rac8 16. h3
Rfd8 17. a4 Qd6 18. Qb2 cxd4 19. cxd4 Nc6 20. Rab1 Rc7 21. Bb5
Rdc8 22. Bxc6 Bxc6 23. b5 Be8 24. Rxc7 Qxc7 25. Ne5 Qc3
26. Qe2 Qa3 27. Qd1 f6 28. Ra1 Qd6 29. Nd3 Bg6 30. Nf4 Bc2
31. Qd2 Rc4 32. a5 Bf5 33. axb6 axb6 34. Qa2 Kh7 35. Qa8 Rb4
36. Qe8 e5 37. Ne2 Qd7 38. Qb8 Qxb5 39. Ng3 Rb1+ 40. Rxb1
Qxb1+ 41. Kh2 exd4 42. exd4 Bg6 43. Qd8 Qb2 44. Qxd5 Qxf2
45. Qd6 b5 46. d5 Qd4 47. Qc6 b4 48. d6 b3 49. d7 b2 50. Qc7
b1=Q 51. Ne2 Qda1 52. d8=Q Qh1+ 53. Kg3 Qae1+ 0-1

[Event "Cappelle la Grande"]
[Site "Cappelle la Grande FRA"]
[Date "2009.03.05"]
[EventDate "2009.02.28"]
[Round "7"]
[Result "1-0"]
[White "Jesse Kraai"]
[Black "Ivan Kuhlmann Nogueira"]
[WhiteElo "2506"]
[BlackElo "2326"]
[PlyCount "60"]

1. Nf3 Nf6 2. c4 c6 3. d4 d5 4. e3 g6 5. Bd3 Bg7 6. O-O Ne4
7. Nc3 Nxc3 8. bxc3 O-O 9. Rb1 b6 10. e4 Ba6 11. Qe2 dxc4
12. Bxc4 Bxc4 13. Qxc4 c5 14. d5 Qc8 15. e5 Qf5 16. Bf4 Nd7
17. Rfe1 a6 18. a4 b5 19. axb5 Nb6 20. Qxc5 Na4 21. Qd4 Nxc3
22. Qxc3 Qxf4 23. b6 Rab8 24. b7 g5 25. Rb4 Qf5 26. Qc7 a5
27. Qxa5 Qd7 28. Qb5 Rfd8 29. Nd4 Qxd5 30. Qxd5 Rxd5 1-0